Find That Movie! II Quiz Stats

 Plays Quiz Updated Jul 7, 2016

Also try: Find That Movie!
Challenge
Share
Tweet
Score 0/20 Timer 08:00
2 Plays Today
% Correct
Correct! B is Avatar
95.6%
Correct! B is Die Hard
86.7%
Correct! C is Superbad
84.5%
Correct! A is Speed
84.2%
Correct! D is Psycho
83%
Correct! C is Amélie
81.6%
Correct! D is Field of Dreams
81.3%
Correct! D is Flight
76.2%
Correct! D is The Martian
74.6%
Correct! A is Richard III
74.3%
% Correct
Correct! D is Ocean's 11
72.2%
Correct! D is Memento
70.2%
Correct! D is Turner and Hooch
66.7%
Correct! B is The Seven Year Itch
62.9%
Correct! B is Coming to America
61.8%
Correct! B is Spartacus
60.5%
Correct! D is The Witches
51.9%
Correct! A is Once Upon a Time in the West
38.8%
Correct! C is Alien
38.5%
Correct! A is City Lights
33.7%

You're not logged in!

Compare scores with friends on all Sporcle quizzes.
Join for Free
OR
Log In

You Might Also Like...

Show Comments

Extras

Top Quizzes Today


Score Distribution

Your Account Isn't Verified!

In order to create a playlist on Sporcle, you need to verify the email address you used during registration. Go to your Sporcle Settings to finish the process.

Report this User

Report this user for behavior that violates our Community Guidelines.

Details: